[Event "Bastard"]
[Site "http://www.queenalice.com/game.php?id=649968"]
[Date "2009.9.9"]
[Round "-"]
[White "Andre_Bidu"]
[Black "Rodrigo_Pena"]
[Result "1-0"]
[WhiteElo "1904"]
[BlackElo "1321"]

1. e4 e5 2. Ne2 d6 3. d4 Qf6 4. Nbc3 Ne7 5. Qd2 h6 6. f4 g5 7. Nb5 Kd8 8. Qd1 c6
9. g3 Bg4 10. fxe5 dxe5 11. dxe5+ Nd7 12. exf6 Ng6 13. h3 Bf3 14. Rh2 cxb5 15.
Bg2 Ne5 16. Qd5 Kc8 17. Nc3 a6 18. h4 g4 19. Bf4 b4 20. Na4 b5 21. Nb6+ Nxb6 22.
Qxe5 Nc4 23. Qc7# 1-0

[Event "Challenge"]
[Site "http://www.queenalice.com/game.php?id=650374"]
[Date "2009.9.10"]
[Round "-"]
[White "kasper09"]
[Black "Andre_Bidu"]
[Result "1-0"]
[WhiteElo "1874"]
[BlackElo "1908"]

1. e4 c6 2. d4 d5 3. Nc3 f6 4. exd5 e6 5. dxc6 Nxc6 6. Bb5 Ne7 7. Nf3 a6 8. Ba4
Nd5 9. Nxd5 Qxd5 10. O-O Bd6 11. Bb3 Qh5 12. Re1 O-O 13. c3 Re8 14. Bd2 Kh8 15.
Bc4 e5 16. dxe5 fxe5 17. Bd5 Bg4 18. h3 Bxf3 19. Bxf3 Qf5 20. Be4 Qe6 21. Qh5 g6
22. Qf3 Rac8 23. Bd5 Qe7 24. Bh6 Rc7 25. Qe3 Qd7 26. Bg5 Kg7 27. Bh6+ Kh8 28.
Rad1 Ne7 29. Be4 Nc6 30. Bd5 Ne7 31. Be4 Qe6 32. Qg5 b6 33. h4 b5 34. h5 Rd7 35.
hxg6 hxg6 36. Qh4 Kg8 37. b4 Rc8 38. Re3 Rc4 39. Qg5 a5 40. a3 a4 41. Rde1 Rdc7
42. Rf3 Kh8 43. Rf6 Qd7 44. Rf8+ Kh7 45. Rf7+ Kg8 46. Bxg6 Rf4 47. Bf5+ Kxf7 48.
Qg7+ Ke8 49. Qf8# 1-0

[Event "Trying to play black"]
[Site "http://www.queenalice.com/game.php?id=652996"]
[Date "2009.9.15"]
[Round "-"]
[White "LittleBigHorse"]
[Black "Andre_Bidu"]
[Result "0-1"]
[WhiteElo "1894"]
[BlackElo "1937"]

1. c4 c6 2. Nf3 d5 3. cxd5 Qxd5 4. Nc3 Qh5 5. d4 e6 6. e4 Bb4 7. Be2 Qg6 8. Qd3
Nf6 9. e5 Nd5 10. Qxg6 fxg6 11. Bd2 Bxc3 12. bxc3 b5 13. Rb1 O-O 14. O-O Nd7 15.
Ng5 N7b6 16. Rfc1 Bd7 17. g3 h6 18. Ne4 g5 19. Nd6 Bc8 20. Bh5 Ne7 21. Nxc8
Raxc8 22. Bd1 Ned5 23. Bg4 Kf7 24. Rf1 Ke7 25. Bh5 Rf5 26. Kg2 Nc4 27. Bc1 Nxc3
28. Rb3 Nxa2 29. Be2 Nxc1 30. Bxc4 Nxb3 31. Bxb3 g4 0-1

[Event "2nd challenge"]
[Site "http://www.queenalice.com/game.php?id=657785"]
[Date "2009.9.25"]
[Round "-"]
[White "Andre_Bidu"]
[Black "duis"]
[Result "1-0"]
[WhiteElo "1925"]
[BlackElo "1769"]

1. e4 e5 2. Nf3 d6 3. Bc4 Nh6 4. d4 f6 5. Bxh6 gxh6 6. O-O Nd7 7. Ng5 Nb6 8. Nf7
Qe7 9. Qh5 Nxc4 10. Nxh8+ Kd7 11. dxe5 dxe5 12. Rd1+ Nd6 13. Nf7 Ke6 14. Nxd6
cxd6 15. Nc3 Qg7 16. Nd5 1-0

[Event "Challenge"]
[Site "http://www.queenalice.com/game.php?id=658453"]
[Date "2009.9.26"]
[Round "-"]
[White "li2carpio"]
[Black "Andre_Bidu"]
[Result "0-1"]
[WhiteElo "1842"]
[BlackElo "1908"]

1. e4 c6 2. d4 d5 3. e5 Bf5 4. Nf3 e6 5. Nc3 Bb4 6. Bd2 Nd7 7. a3 Bxc3 8. Bxc3
Qc7 9. Bd3 f6 10. Bxf5 exf5 11. Qe2 O-O-O 12. O-O-O Re8 13. Rhe1 g6 14. Qd3 Qb6
15. exf6 Ngxf6 16. Ne5 Nxe5 17. dxe5 Ne4 18. Bd4 c5 19. f3 cxd4 20. fxe4 dxe4
21. Qxd4 Qxd4 22. Rxd4 Rxe5 23. Kd2 Rd8 24. c3 Rxd4+ 25. cxd4 Rb5 26. Kc3 a5 27.
b3 Rd5 28. Kc4 Rd7 29. d5 Kc7 30. g3 Kd6 31. Kd4 Rc7 32. g4 Rc2 33. gxf5 gxf5
34. Rf1 Rd2+ 35. Kc4 Rxd5 36. b4 axb4 37. axb4 Ke5 38. b5 e3 39. b6 f4 40. Rg1
Rd4+ 41. Kc3 e2 0-1

[Event "pato putao"]
[Site "http://www.queenalice.com/game.php?id=668055"]
[Date "2009.10.16"]
[Round "-"]
[White "Andre_Bidu"]
[Black "Rodrigo_Pena"]
[Result "1-0"]
[WhiteElo "1923"]
[BlackElo "1321"]

1. e4 e5 2. Nf3 Nc6 3. g3 d6 4. d4 Bg4 5. dxe5 dxe5 6. Qxd8+ Nxd8 7. Nxe5 Be6 8.
Nc3 Nc6 9. Nb5 Rd8 10. Bf4 Nb4 11. Bd3 Bd6 12. O-O a6 13. Nd4 c6 14. Nxe6 fxe6
15. Rfd1 Nf6 16. c3 Bxe5 17. cxb4 Bxf4 18. gxf4 Nh5 19. f5 e5 20. Bc4 b5 21.
Rxd8+ Kxd8 22. Be6 g6 23. Rc1 Rf8 24. Rxc6 Ng7 25. Rd6+ Ke7 26. Rxa6 Rd8 27.
Ra7+ Kf6 28. Rf7+ Kg5 29. Rxg7 Kf4 30. Rxh7 Kf3 31. Rh3+ Kxe4 32. fxg6 Re8 33.
g7 Rxe6 34. g8=Q Rd6 35. Qg4+ Kd5 36. Rd3+ Kc6 37. Qc8+ Kb6 38. Rxd6+ Ka7 39.
Ra6# 1-0

[Event "Pato Revenge"]
[Site "http://www.queenalice.com/game.php?id=677292"]
[Date "2009.11.3"]
[Round "-"]
[White "Andre_Bidu"]
[Black "Rodrigo_Pena"]
[Result "1-0"]
[WhiteElo "1935"]
[BlackElo "1321"]

1. e4 e5 2. Nf3 Nc6 3. Bb5 a6 4. Bxc6 dxc6 5. Nxe5 Be6 6. O-O Qd4 7. Nf3 Qxe4 8.
Nc3 Qg6 9. Re1 O-O-O 10. d3 Bd6 11. Ne4 Bg4 12. h3 Bxf3 13. Qxf3 Nf6 14. Bg5
Rhe8 15. Bxf6 gxf6 16. Nxf6 Rxe1+ 17. Rxe1 Qh6 18. Qf5+ Kb8 19. Ne4 Bb4 20. c3
Rd5 21. Qxf7 Bc5 22. d4 Qg6 23. Qxg6 hxg6 24. Nxc5 b6 25. Nxa6+ Ka7 26. Nb4 Rd6
27. Re7 Kb7 28. f4 c5 29. dxc5 bxc5 30. Nc2 Rd1+ 31. Kh2 Rf1 32. Ne3 Rxf4 33.
Nd5 g5 34. Nxf4 gxf4 35. Rf7 Kb6 36. Rxf4 Kb5 37. h4 c4 38. h5 1-0

[Event "Quack 8 - The neverending story"]
[Site "http://www.queenalice.com/game.php?id=803560"]
[Date "2010.7.14"]
[Round "-"]
[White "Andre_Bidu"]
[Black "Rodrigo_Pena"]
[Result "1-0"]
[WhiteElo "1941"]
[BlackElo "1319"]

1. e4 e5 2. Nf3 d6 3. d4 Nc6 4. Bb5 a6 5. Ba4 b5 6. Bb3 Nxd4 7. Ng5 Be6 8. Bxe6
fxe6 9. c3 h6 10. Qh5+ Kd7 11. Nf7 Nf6 12. Qg6 Qe8 13. Nxh8 Nc2+ 14. Kd1 Be7 15.
Qxe8+ Rxe8 16. Ng6 Nxa1 17. Nxe7 Kxe7 18. f3 d5 19. exd5 Nxd5 20. Na3 Rf8 21.
Bd2 1-0

[Event "International I1"]
[Site "http://www.queenalice.com/game.php?id=803946"]
[Date "2010.7.15"]
[Round "-"]
[White "Andre_Bidu"]
[Black "Arianna"]
[Result "1-0"]
[WhiteElo "1943"]
[BlackElo "1326"]

1. e4 e5 2. Nc3 Nc6 3. Nf3 Nd4 4. Nxe5 a6 5. Bc4 Ne6 6. Qf3 Qe7 7. Bxe6 Qxe6 8.
d4 h6 9. Nd5 f6 10. Nxc7+ Kd8 11. Nxe6+ dxe6 12. Nf7+ Ke8 13. Nxh8 Bd6 14. Qh5+
Kd7 15. Qf7+ Ne7 16. Ng6 b5 17. Nxe7 Bb7 18. Nf5+ Kc6 19. Qxe6 Rd8 20. Bf4 Bc8
21. Qd5+ Kb6 22. Bxd6 g6 23. Qc5+ Ka5 24. Bc7+ Ka4 25. b3# 1-0

[Event "Challenge"]
[Site "http://www.queenalice.com/game.php?id=807587"]
[Date "2010.7.23"]
[Round "-"]
[White "Andre_Bidu"]
[Black "HuGeRoOsTeR"]
[Result "1-0"]
[WhiteElo "1949"]
[BlackElo "1374"]

1. e4 e5 2. Nf3 Nc6 3. Nc3 Nf6 4. a3 Bc5 5. h3 a6 6. d3 d6 7. Bg5 Nd4 8. Nxd4
Bxd4 9. Nd5 Bxb2 10. Ra2 Bc3+ 11. Nxc3 O-O 12. Nd5 c6 13. Nxf6+ gxf6 14. Bh6
Qa5+ 15. Qd2 Qb5 16. Bxf8 Kxf8 17. Qh6+ Ke7 18. Qxh7 Qb1+ 19. Kd2 Qxa2 20. Be2
Qxa3 21. Re1 Be6 22. g4 Qb2 23. h4 Bb3 24. Bd1 a5 25. f4 a4 26. g5 a3 27. gxf6+
Kxf6 28. fxe5+ dxe5 29. Qh6+ Ke7 30. Qg5+ Kd7 31. Bg4+ Ke8 32. Qg8+ Ke7 33. Qxa8
Qxc2+ 34. Ke3 Qc3 35. Qxa3+ Ke8 36. Rb1 Qd4+ 37. Ke2 Bc2 38. Rxb7 Bxd3+ 39. Qxd3
Qxd3+ 40. Kxd3 Kf8 41. Bh5 Kg7 42. Rxf7+ Kh6 43. Rf5 Kh7 44. Rxe5 Kg7 45. Rf5
Kh6 46. e5 c5 47. e6 1-0

[Event "International2"]
[Site "http://www.queenalice.com/game.php?id=809012"]
[Date "2010.7.26"]
[Round "-"]
[White "Andre_Bidu"]
[Black "Dedey"]
[Result "1-0"]
[WhiteElo "1956"]
[BlackElo "1397"]

1. e4 e5 2. Nf3 Nc6 3. Bc4 Nf6 4. Nc3 Bb4 5. Ng5 O-O 6. O-O Bxc3 7. dxc3 Ne7 8.
Re1 c6 9. Qd6 b5 10. Bb3 Ne8 11. Qxe5 d6 12. Qf4 d5 13. exd5 Nxd5 14. c4 Nxf4
15. Bxf4 Nd6 16. Rad1 Bg4 17. Rxd6 Bd7 18. cxb5 cxb5 19. Ree6 fxe6 20. Bxe6+ Kh8
21. Rxd7 Qa5 22. Bd2 Qxa2 23. Bxa2 Rfd8 24. Nf7+ 1-0

[Event "International4"]
[Site "http://www.queenalice.com/game.php?id=809560"]
[Date "2010.7.27"]
[Round "-"]
[White "widad"]
[Black "Andre_Bidu"]
[Result "0-1"]
[WhiteElo "1681"]
[BlackElo "1951"]

1. d4 Nf6 2. c4 Nc6 3. Nf3 e6 4. e3 d5 5. Nc3 Bb4 6. c5 Bxc3+ 7. bxc3 Ne4 8. Bb2
a6 9. Bd3 O-O 10. Bxe4 dxe4 11. Nd2 f5 12. f4 Rb8 13. O-O b6 14. Ba3 b5 15. Rb1
Qd5 16. Qc2 a5 17. c4 bxc4 18. Nxc4 Rxb1 19. Rxb1 Ba6 20. Ne5 Nxe5 21. Qb3 Bd3
22. Rc1 Qxb3 23. axb3 Ng4 24. b4 axb4 25. Bxb4 c6 26. Bd2 Ra8 27. h3 Ra2 28.
hxg4 Rxd2 29. g5 Re2 30. Ra1 Rxe3 31. Ra8+ Kf7 32. Kh2 Bf1 33. g3 Re2+ 34. Kg1
Bh3 35. Ra6 Rg2+ 36. Kh1 e3 37. Ra1 e2 0-1

[Event "International6"]
[Site "http://www.queenalice.com/game.php?id=810123"]
[Date "2010.7.28"]
[Round "-"]
[White "Andre_Bidu"]
[Black "Emiya_S"]
[Result "1-0"]
[WhiteElo "1947"]
[BlackElo "1377"]

1. e4 c5 2. Nc3 d6 3. Nge2 g6 4. h3 Bg7 5. d4 cxd4 6. Nxd4 e5 7. Ndb5 Ne7 8.
Qxd6 Nd7 9. Nc7+ Kf8 10. Bg5 Bf6 11. Bxf6 Nxf6 12. Bc4 Qxd6 13. Nxa8 Qb8 14. Rd1
Nd7 15. Nb5 Qxa8 16. Nd6 b6 17. O-O Bb7 18. Nxf7 Rg8 19. Rxd7 Bxe4 20. Rd8+ Qxd8
21. Nxd8 Rh8 22. Ne6+ Ke8 23. Rd1 Kf7 24. Ng5+ Ke8 25. Nxe4 a5 26. Ng5 Rf8 27.
Nxh7 Rf4 28. Bb5+ Kf7 29. g3 Rb4 30. c4 Rxb2 31. a4 e4 32. Ng5+ Kf6 33. Nxe4+
Kf5 34. Re1 Ng8 35. Nd6+ Kf6 36. h4 g5 37. Ne8+ Kf7 38. hxg5 Rd2 39. Re5 Rd8 40.
f4 Rd1+ 41. Kh2 Rd2+ 42. Kh3 Rd1 43. f5 Rh1+ 44. Kg2 Rh5 45. g6+ Kf8 46. g7+ Kf7
47. c5 bxc5 48. Bc4# 1-0

[Event "Challenge"]
[Site "http://www.queenalice.com/game.php?id=813524"]
[Date "2010.8.5"]
[Round "-"]
[White "Dedey"]
[Black "Andre_Bidu"]
[Result "0-1"]
[WhiteElo "1395"]
[BlackElo "1958"]

1. d4 g6 2. Nf3 Nf6 3. Bg5 Nd5 4. e4 h6 5. exd5 hxg5 6. Nxg5 e6 7. dxe6 Qxg5 8.
exf7+ Kxf7 9. Bc4+ Ke8 10. Qe2+ Be7 11. O-O b6 12. Re1 Bb7 13. g3 Nc6 14. d5 Nd4
15. Qe5 Nf3+ 0-1

[Event "Challenge"]
[Site "http://www.queenalice.com/game.php?id=815351"]
[Date "2010.8.9"]
[Round "-"]
[White "Andre_Bidu"]
[Black "Seneca"]
[Result "0-1"]
[WhiteElo "1960"]
[BlackElo "1874"]

1. e4 e6 2. Nf3 d5 3. Nc3 c5 4. Bb5+ Nc6 5. exd5 exd5 6. O-O Nf6 7. Ne5 Qc7 8.
Re1 Be6 9. d4 cxd4 10. Qxd4 Bd6 11. Bg5 O-O 12. Bxc6 bxc6 13. Bxf6 gxf6 14. Ng4
Bxg4 15. Qxg4+ Kh8 16. Qh4 Be5 17. Re3 Rg8 18. Rh3 Rg7 19. Na4 Qc8 20. Qh5 Qg4
21. Qxg4 Rxg4 22. Nc3 Rag8 23. g3 Rc4 24. f4 Bd4+ 25. Kf1 Rb8 26. Rd1 Rxb2 27.
Ne2 Bb6 28. c3 Ra4 29. a3 Rxa3 30. Rh6 d4 31. Rxf6 dxc3 32. Re1 Rd2 33. Rxf7 c2
34. Re7 Rf3+ 35. Kg2 Rf2+ 36. Kh3 Rfxe2 37. R7xe2 Rxe2 38. Rxe2 c1=Q 39. Re8+
Kg7 40. Re7+ Kg6 41. Re6+ Kf5 42. Re5+ Kf6 43. Re8 a5 44. Rf8+ Ke6 45. Re8+ Kd6
0-1

[Event "Challenge"]
[Site "http://www.queenalice.com/game.php?id=1074426"]
[Date "2012.6.20"]
[Round "-"]
[White "Andre_Bidu"]
[Black "cholo76"]
[Result "1-0"]
[WhiteElo "1921"]
[BlackElo "1464"]

1. e4 e5 2. Nc3 Nf6 3. Bc4 a6 4. a4 c6 5. d4 d6 6. h3 c5 7. d5 b5 8. axb5 h5 9.
Bg5 g6 10. Nf3 Bb7 11. O-O Qd7 12. Bxf6 Rh7 13. Na4 axb5 14. Nb6 Rxa1 15. Qxa1
Qc7 16. Bxb5+ Nd7 17. Bxd7+ Qxd7 18. Nxd7 Kxd7 19. Qa4+ Kc8 20. Qe8+ 1-0

[Event "Challenge"]
[Site "http://www.queenalice.com/game.php?id=1074427"]
[Date "2012.6.20"]
[Round "-"]
[White "Andre_Bidu"]
[Black "botafoguense"]
[Result "1-0"]
[WhiteElo "1925"]
[BlackElo "1405"]

1. e4 d6 2. Nf3 f6 3. Nc3 c6 4. d4 a6 5. Bc4 e6 6. h3 b5 7. Bb3 Ne7 8. Bf4 d5 9.
e5 Ng6 10. Bg3 c5 11. O-O c4 12. Bxc4 dxc4 13. exf6 gxf6 14. Re1 Ne7 15. a3 Nd5
16. Nxd5 Qxd5 17. Nh2 Bd6 18. Bxd6 Qxd6 19. Qh5+ Ke7 20. c3 Nd7 21. Qf3 Ra7 22.
Nf1 Rf8 23. Nd2 Bb7 24. Ne4 Bxe4 25. Qxe4 f5 26. Qh4+ Nf6 27. Qh6 Rf7 28. f3 Ng8
29. Qg5+ Kf8 30. Qe3 Rae7 31. Qe5 Qb6 32. h4 Rg7 33. Kh2 h5 34. f4 Qc6 35. Re2
Nf6 36. Qxf6+ Kg8 37. Rae1 Qd5 38. Qh6 Rh7 39. Qg6+ Rhg7 40. Qh6 Rg4 41. Qxh5
Kf8 42. Qh8+ Kf7 43. Kh3 Re8 44. Qh5+ Rg6 45. g3 Rg8 46. Re5 Qd7 47. R1e3 Kg7
48. d5 Rh8 49. dxe6 Qe7 50. Qxf5 Rf6 51. Qg5+ Kf8 52. Rc5 Rg8 53. Rc8+ 1-0

[Event "Challenge"]
[Site "http://www.queenalice.com/game.php?id=1078302"]
[Date "2012.7.1"]
[Round "-"]
[White "Andre_Bidu"]
[Black "hudd"]
[Result "0-1"]
[WhiteElo "1937"]
[BlackElo "1702"]

1. e4 e5 2. Nc3 Bb4 3. Nd5 Nc6 4. a3 Be7 5. Qf3 Nd4 6. Qc3 c6 7. Ne3 Nf6 8. d3
d5 9. f4 exf4 10. Qxd4 fxe3 11. e5 c5 12. Qxe3 Ng4 13. Qe2 Qc7 14. Nf3 f6 15.
exf6 Nxf6 16. Bg5 O-O 17. O-O-O h6 18. Bxf6 Bxf6 19. Qd2 Bg4 20. Kb1 Qb6 21. c3
Bxf3 22. gxf3 Bg5 23. Qf2 d4 24. cxd4 cxd4 25. Be2 Rae8 26. h4 Be3 27. Qg3 Qc6
28. Ka1 a5 29. h5 b5 30. b3 Qc3+ 31. Ka2 Bc1 32. Qxg7+ Kxg7 33. Rhg1+ Kf7 34.
Rxc1 Rxe2+ 35. Kb1 Qb2# 0-1

[Event "Challenge"]
[Site "http://www.queenalice.com/game.php?id=1081571"]
[Date "2012.7.11"]
[Round "-"]
[White "Andre_Bidu"]
[Black "plot24"]
[Result "1-0"]
[WhiteElo "1927"]
[BlackElo "1781"]

1. e4 e6 2. Nf3 d5 3. e5 c5 4. d4 Nc6 5. Bb5 Bd7 6. Bxc6 bxc6 7. O-O cxd4 8.
Qxd4 Ne7 9. Bg5 Qc7 10. Nc3 Ng6 11. Rfe1 h6 12. Bd2 Be7 13. h3 O-O 14. h4 f5 15.
exf6 Bxf6 16. Qg4 Kh7 17. h5 Ne5 18. Nxe5 Bxe5 19. Qe2 Bd6 20. Qd3+ Kh8 21. b3
e5 22. Qe2 Rae8 23. f3 e4 24. fxe4 dxe4 25. Nxe4 Be5 26. c3 Bf5 27. Qc4 Be6 28.
Qa4 Bh2+ 29. Kh1 Bd5 30. Rad1 Re5 31. Qb4 Rb8 32. Qd6 Rxh5 33. Qxc7 Bxc7+ 34.
Kg1 Bh2+ 35. Kf1 Rf8+ 36. Nf2 Bg3 37. Be3 Rh1+ 38. Ke2 Rxe1+ 39. Rxe1 Bxf2 40.
Rf1 Bxg2 41. Rxf2 Rxf2+ 42. Kxf2 Be4 43. Bxa7 g5 44. a4 Bc2 45. a5 Bxb3 46. a6
Bc4 47. Bd4+ 1-0